Регионална библиотека "Любен Каравелов" - Русе

Говори (Запис номер 322680)

MARC детайли
000 -Лидер
Контролно поле с фиксирана дължина 00904aam a2200265 a 4500
003 - Код на организацията, давaща контролен номер
Контролно поле BLK
005 - Дата и час на последна редакция
Контролно поле 20231228105602.0
008 - Елементи от данни с фиксирана дължина
fixed length control field 181012b bu ||||| |||| 00| 0 bu d
020 ## - Международен стандартен номер на книга ISBN
Международен стандартен номер на книга ISBN 978-954-28-2439-8
040 ## - Източник на каталожния запис
Идентификатор на билиотеката - собственик на записа BLK
041 ## - Код за език
Код за езика на текст/звукозапис или на отделно заглавие Български
Код за езика КДБФ Български
080 ## - УДК
Текстов определител УДК Американска литература (на САЩ)
УДК код - определител по УДК 821.111(73)
УДК определител -31
УДК - код + определител 821.111(73)-31
100 ## - Редна дума - Автор
Автор Андерсен, Лори Халсе
Авторска отговорност първи автор
R(LIN) 1299
139 ## - Редно поле
Редна дума Андерсен, Лори Халсе
Авторски знак Анд - А 65
245 ## - Сведения за заглавието
Заглавие Говори
Редно поле (дума) Лори Халсе Андерсен
260 ## - Област на издателските данни
Име на издателя, разпространителя и проч. Сиела
Година на издаване 2018
Място на издаване, разпространение и проч. София
300 ## - Физическа характеристика
Страници 236 с.
Размери/Мащаб 21 см
380 ## - Жанр
Жанр Худож. лит.
700 ## - Други автори (авторска отговорност)
9 (RLIN) 1021
Лично име Сербезова-Леви, Стоянка Минчева
Автороска отговорност (Описва отношението между автора и произведението) прев. от англ.
999 ## - СИСТЕМНИ КОНТРОЛНИ НОМЕРА
Koha biblionumber 322680
Koha biblioitemnumber 322680
942 ## - АРТИКУЛИ
Вид на библиотечния материал Книги
Източник на класификационната схема Universal Decimal Classification
Скрит в OPAC Не
Koha issues (borrowed), all copies 18
999 ## - СИСТЕМНИ КОНТРОЛНИ НОМЕРА
Koha biblioitemnumber 322680
999 ## - СИСТЕМНИ КОНТРОЛНИ НОМЕРА
Koha biblioitemnumber 322680
999 ## - СИСТЕМНИ КОНТРОЛНИ НОМЕРА
Koha biblioitemnumber 322680
944 ## - СЪЗДАВАНЕ И РЕДАКЦИЯ на ЗАПИСА
Служител, извършил регистрацията/редакцията 30576
Статус, дата на статуса Цветомила Тодорова
Наличности
Код за отписване Код за изгубен артикул Източник на класификационната схема Код за повреда Код за отдаване Артикулен № Име на библиотеката - собственик Име на библиотеката, в която се намира в момента Статус (Текущо местоположение) Дата на вписване в системата Местоположение - отдел Цена в лева Инвентарен номер Систематично азбучна сигнатура Баркод Цена в евро Служебен тип на артикула
  Не е изгубен Universal Decimal Classification Не е повреден заемане за дома 677161 Регионална библиотека "Любен Каравелов" Русе Регионална библиотека "Любен Каравелов" Русе Заемна - подръчен фонд 2018-06-05 Заемна - подръчен фонд 10.42 120000820530 П 820(73)-31/А 65 120000820530 5.33 Книги
Vip Innovations Ltd, Rousse, Bulgaria 2025